<?xml version="1.0" encoding="UTF-8"?>
<record
    xmlns:xsi="http://www.w3.org/2001/XMLSchema-instance"
    xsi:schemaLocation="http://www.loc.gov/MARC21/slim http://www.loc.gov/standards/marcxml/schema/MARC21slim.xsd"
    xmlns="http://www.loc.gov/MARC21/slim">

  <leader>00864nam a22002057a 4500</leader>
  <datafield tag="952" ind1=" " ind2=" ">
    <subfield code="0">0</subfield>
    <subfield code="1">0</subfield>
    <subfield code="2">lcc</subfield>
    <subfield code="4">0</subfield>
    <subfield code="7">0</subfield>
    <subfield code="a">01</subfield>
    <subfield code="b">01</subfield>
    <subfield code="d">2019-12-03</subfield>
    <subfield code="l">0</subfield>
    <subfield code="o">HD47 V55 2014</subfield>
    <subfield code="p">24 001305</subfield>
    <subfield code="r">2023-01-20</subfield>
    <subfield code="t">1</subfield>
    <subfield code="w">2019-12-03</subfield>
    <subfield code="y">LB</subfield>
  </datafield>
  <datafield tag="952" ind1=" " ind2=" ">
    <subfield code="0">0</subfield>
    <subfield code="1">0</subfield>
    <subfield code="2">lcc</subfield>
    <subfield code="4">0</subfield>
    <subfield code="7">0</subfield>
    <subfield code="a">01</subfield>
    <subfield code="b">01</subfield>
    <subfield code="d">2019-12-03</subfield>
    <subfield code="l">0</subfield>
    <subfield code="o">HD47 V55 2014</subfield>
    <subfield code="p">24 001306</subfield>
    <subfield code="r">2023-01-20</subfield>
    <subfield code="t">2</subfield>
    <subfield code="w">2019-12-03</subfield>
    <subfield code="y">LB</subfield>
  </datafield>
  <datafield tag="999" ind1=" " ind2=" ">
    <subfield code="c">104766</subfield>
    <subfield code="d">104766</subfield>
  </datafield>
  <controlfield tag="008">191203s2014    ck a|||| |||| 00| 0 spa d</controlfield>
  <datafield tag="020" ind1=" " ind2=" ">
    <subfield code="a">9789587622041</subfield>
  </datafield>
  <datafield tag="050" ind1=" " ind2="4">
    <subfield code="a">HD47</subfield>
    <subfield code="b">V55 2014</subfield>
  </datafield>
  <datafield tag="100" ind1="1" ind2=" ">
    <subfield code="a">Villarreal V&#xE1;squez, Fernando</subfield>
    <subfield code="e">autor</subfield>
  </datafield>
  <datafield tag="245" ind1=" " ind2=" ">
    <subfield code="a">Costos II</subfield>
    <subfield code="b"> : m&#xE9;todo matricial F H E R, con aproximaciones a las NIC 02 y NIIF 08</subfield>
    <subfield code="c">/ Fernando Villarreal V&#xE1;squez, Carlos Augusto Rinc&#xF3;n Soto</subfield>
  </datafield>
  <datafield tag="260" ind1=" " ind2=" ">
    <subfield code="a">Bogot&#xE1;</subfield>
    <subfield code="b"> : Ediciones de la U</subfield>
    <subfield code="c"> , 2014</subfield>
  </datafield>
  <datafield tag="300" ind1=" " ind2=" ">
    <subfield code="a">366 p&#xE1;ginas</subfield>
  </datafield>
  <datafield tag="519" ind1=" " ind2=" ">
    <subfield code="a">Plan Flexible / </subfield>
    <subfield code="b">Bachillerato IPN / </subfield>
    <subfield code="c">Contabilidad de Costos (N6-VI-2) / </subfield>
    <subfield code="d">(24 001205)</subfield>
  </datafield>
  <datafield tag="519" ind1=" " ind2=" ">
    <subfield code="a">Plan Flexible / </subfield>
    <subfield code="b">Bachillerato IPN / </subfield>
    <subfield code="c">Contabilidad de Costos (N6-VI-3) / </subfield>
    <subfield code="d">(24 001206)</subfield>
  </datafield>
  <datafield tag="650" ind1=" " ind2="0">
    <subfield code="a">COSTOS DE PRODUCCI&#xD3;N</subfield>
  </datafield>
  <datafield tag="650" ind1=" " ind2="0">
    <subfield code="a">CONTROL DE INVENTARIOS </subfield>
  </datafield>
  <datafield tag="650" ind1=" " ind2="0">
    <subfield code="a">CONTABILIDAD DE COSTOS</subfield>
  </datafield>
  <datafield tag="700" ind1="1" ind2=" ">
    <subfield code="a">Rinc&#xF3;n Soto, Carlos Augusto</subfield>
    <subfield code="e">autor</subfield>
  </datafield>
  <datafield tag="942" ind1=" " ind2=" ">
    <subfield code="c">LB</subfield>
  </datafield>
</record>
